Señora, ¿Usted Trabaja? -No, soy ama de casa

Uloženo v:
Podrobná bibliografie
Hlavní autor: Arroyo Ortiz, Concepción
Médium: Text
Vydáno: México :
Tagy: Přidat tag
Žádné tagy, Buďte první, kdo vytvoří štítek k tomuto záznamu!

MARC

LEADER 00000 a a2200000 04500
001 14203
003
040
090 |a EXTRAVIADO  
100 |a Arroyo Ortiz, Concepción  
245 |a Señora, ¿Usted Trabaja? -No, soy ama de casa  
260 |a México :  
300 |a 15 p.  
999 |c 17339  |d 17339